000 00574nam a22001577a 4500
008 140827b xxu||||| |||| 00| 0 eng d
020 _a0406091684
050 _aKD275.4.L39(1893)
245 _aThe Law Reports, Appeal Cases of the Incorporated Council of Law Reporting(1893): House of Lords, Judicial Committee of the Privy Council and Peerage Cases. /
_ceditor Frederick Pollock
260 _aLondon:
_bButterworth and Co.,
_c1893.
300 _axiv,729p.:
440 _pAppeal cases 1893.
700 _aPollock,Frederick
700 _aStone, A.P.
942 _2lcc
_cBK
999 _c3803
_d11303